Stray Kids Iconic Lines and Moments (Easy Ver.) - Statistics

General Stats
  • This quiz has been taken 1,003 times
  • The average score is 13 of 16
Answer Stats
Question Answer % Correct
"*proceeds in a creepy low voice* wakey wakey, its time to wake up" Felix
98%
"____ in the building!" Seungmin
97%
"I'm foivve" Bangchan
95%
"Hello STAY, who are also my....baby girls *laughs awkwardly* If you are my babygirls that means I would be your DA.....DY? moving on!" Bangchan
95%
"I'm hungry! IM HUNGRY!" Changbin
95%
"tch-hairvand" Hyunjin
91%
"*proceeds in extremely high voice* dispatch, D-I-S-P-A-T-C-H, dispatch!" Felix
88%
*proceeds to scream in dolphin* I.N
88%
"New York Shitty, yeaa~" Lee Know
88%
"HOOLLLLLYYYYY MOLY" Han
82%
Felix : I love peaches, their my favorite fruit _____ proceeds to look around in confusion *manager nim?* did he say what I thought he said? I.N.
79%
"hyung ~ UR FIRED" Seungmin
71%
bangchan : we are not a team _____ : wE ArE nOT a tEaM bangchan : this is competition _____ : tHiS Is comprox, comp-what? Hyunjin
67%
*forgets lyrics in Case 143 and starts singing in Japanese* Han
65%
"Bixby, can u marry me?" Changbin
62%
"into the ALOOOONNNNNEEEEEE~" Lee Know
45%
No matching quizzes found
Score Distribution
Percent of People with Each Score
Percentile by Number Answered
Your Score History
You have not taken this quiz